Länder, die mit I enden - Statistiken

Allgemein
  • Dieses Quiz wurde 372 mal gespielt
    335 seit der letzten Aktualisierung
  • Das Durchschnittsergebnis liegt bei 7 aus 12
Antwortstatistiken
Land % Korrekt
Kiribati
71%
Mali
65%
Fidschi
61%
Haiti
61%
Brunei
56%
Eswatini
55%
Burundi
52%
Dschibuti
52%
Türkei
52%
Malawi
51%
Mongolei
49%
Slowakei
42%
Keine übereinstimmenden Quizze gefunden
Verteilung der Resultate
Anzahl Personen mit jedem Resultat
Perzentil nach korrekt beantworteten Fragen
Ihre Resultats-Entwicklung
Sie haben dieses Quiz seit der letzten Aktualisierung nicht gespielt